|
|
|
|
| LEADER |
00000nam a22000007a 4500 |
| 005 |
20220418230558.0 |
| 007 |
cr|||| |||| |
| 008 |
220418s2020 eu |||||s|||| 00||0 eng d |
| 020 |
|
|
|a 978-92-95217-72-0
|
| 035 |
|
|
|a 34037
|
| 040 |
|
|
|a vLex
|
| 090 |
|
|
|c 13199
|d 13199
|
| 245 |
0 |
0 |
|a Eurodac
|h [Recurso electrn̤ico] :
|b MSI/optical scan test study summary report
|
| 256 |
|
|
|a Servicio en ln̕ea
|
| 260 |
|
|
|a Bruselas:
|b European Union Publications Office,
|c 2020
|
| 300 |
|
|
|a 1 recurso electrn̤ico
|
| 500 |
|
|
|a The present document describes the Test Study Summary Report (TSSR) for the tests performed during the execution of the MSI/Optical Scan Project. Starting the 1st of April 2019 until the 15th of May 2019, eu-LISA supervised the execution of the MS tests in order to evaluate if the use of Multispectral Imaging devices, for the scanning of fingerprints, affects the performance of the Central Eurodac System. This TSSR aggregates the findings of the different tests and ends with eu-LISA’s conclusions.
|
| 506 |
1 |
|
|a Disponible solo en los productos indicados
|d vLex Global
|d vLex Global (Academic Edition, excluding Law Schools)
|d vLex Global (U.S. Academic Edition, Law Schools)
|d vLex Global (U.S. Academic Edition, excluding Law Schools)
|d vLex Global (Academic Edition, Law Schools)
|
| 650 |
0 |
4 |
|a Derecho Pb︢lico y Administrativo
|z Unin̤ Europea
|
| 740 |
0 |
|
|a vLex Libros (Servicio en ln̕ea)
|
| 856 |
4 |
0 |
|u https://app.vlex.com/#/sources/34037
|z Acceso restringido
|
| 942 |
|
|
|c BOOK
|
| 999 |
0 |
|
|a Public and Administrative Law
|